ბათუმის შოთა რუსთაველის სახელმწიფო უნივერსიტეტის ბიბლიოთეკა

The fast forward MBA in project management : (ბიბ.ჩანაწერი № 58755)

000 -LEADER
fixed length control field 00909cam a22002418i 4500
001 - CONTROL NUMBER
control field 21729424
005 - DATE AND TIME OF LATEST TRANSACTION
control field 20221107101728.0
006 - FIXED-LENGTH DATA ELEMENTS--ADDITIONAL MATERIAL CHARACTERISTICS
fixed length control field m |o d |
007 - PHYSICAL DESCRIPTION FIXED FIELD--GENERAL INFORMATION
fixed length control field cr |||||||||||
008 - FIXED-LENGTH DATA ELEMENTS--GENERAL INFORMATION
fixed length control field 200923s2021 nju o 001 0 eng
020 ## - INTERNATIONAL STANDARD BOOK NUMBER
International Standard Book Number 9781119700807x
041 ## - LANGUAGE CODE
Language code of accompanying material other than librettos geo
080 ## - UNIVERSAL DECIMAL CLASSIFICATION NUMBER
Universal Decimal Classification number 005.8 V-52
100 1# - MAIN ENTRY--PERSONAL NAME
Personal name Verzuh, Eric,
9 (RLIN) 14413
245 14 - TITLE STATEMENT
Title The fast forward MBA in project management :
Remainder of title the comprehensive, easy-to-read handbook for beginners and pros /
Statement of responsibility, etc. Eric Verzuh.
250 ## - EDITION STATEMENT
Edition statement Sixth edition.
264 #1 - PRODUCTION, PUBLICATION, DISTRIBUTION, MANUFACTURE, AND COPYRIGHT NOTICE
Place of production, publication, distribution, manufacture Hoboken, New Jersey :
Name of producer, publisher, distributor, manufacturer Wiley,
Date of production, publication, distribution, manufacture, or copyright notice .2021.
300 ## - PHYSICAL DESCRIPTION
Extent 522 p.:
Other physical details 23 cm.
653 ## - INDEX TERM--UNCONTROLLED
keyword Პროექტის მენეჯმენტი
653 ## - INDEX TERM--UNCONTROLLED
keyword მენეჯმენტი
776 08 - ADDITIONAL PHYSICAL FORM ENTRY
Relationship information Print version:
Main entry heading Verzuh, Eric.
Title The fast forward MBA in project management
Edition Sixth edition.
Place, publisher, and date of publication Hoboken, New Jersey : Wiley, [2021]
International Standard Book Number 9781119700760
Record control number (DLC) 2020043716
942 ## - ADDED ENTRY ELEMENTS (KOHA)
Source of classification or shelving scheme
Koha item type წიგნი
ეგზემპლარები
Withdrawn status Lost status Source of classification or shelving scheme Damaged status Not for loan Permanent Location Current Location Shelving location Date acquired Cost, normal purchase price Full call number Barcode Date last seen Copy number Price effective from Koha item type Public note
          ბათუმის შოთა რუსთაველის სახელმწიფო უნივერსიტეტის მთავარი ბიბლიოთეკა ბათუმის შოთა რუსთაველის სახელმწიფო უნივერსიტეტის მთავარი ბიბლიოთეკა წიგნსაცავი 2022-07-14 111.00 005.8 V-52 62989 2022-07-14 62989 2022-07-14 წიგნი 111gel.